| 000 | 00634nam a2200217 4500 | ||
|---|---|---|---|
| 001 | 46170 | ||
| 010 | _a9896121974 | ||
| 021 | _b235870/05 | ||
| 090 | _a46170 | ||
| 100 | _a20070920d2006 m y0pory5003 ba | ||
| 101 | 0 | _apor | |
| 102 | _aPT | ||
| 200 | 1 |
_aPoemas de Fernando Pessoa _fFernando Pessoa _gselec., pref. e posf. Eduardo Lourenço _grev. Maria José Godinho |
|
| 205 | _a2.ª ed. | ||
| 210 | 9 |
_aPaço de Arcos _cVisão, _d2006 |
|
| 215 |
_a221, [2] p. _d21 cm |
||
| 675 |
_a821.134.3-1"19" _vBN _zpor |
||
| 701 | 1 |
_aLouren—co, _bEduardo, _f1923-2020 _4220 |
|
| 702 | 1 |
_aGodinho, _bMaria José _4675 |
|
| 801 | 0 |
_aPT _bBN _gRPC |
|
| 990 | _cLIVROS | ||